| 000 | 00549nam a22001817a 4500 | ||
|---|---|---|---|
| 005 | 20170330142721.0 | ||
| 010 | _aENG-117650 | ||
| 020 |
_a9789382524472 _c245.00 |
||
| 035 | _aEN-101182 | ||
| 037 | _bDABD/PUB | ||
| 082 | _a158.1 | ||
| 100 | _aGanguli, Nivedita | ||
| 245 |
_aLife skills : _cby Nevidita Ganguli _bJourney of happiness |
||
| 260 |
_aNew Delhi _bThe Book Line _c2017 |
||
| 270 |
_a106,4787 23,Ist Floor,Ansari Road,Daryaganj _bNew Delhi _e110002 |
||
| 300 |
_a116p. _c21cm(Pbk) |
||
| 942 |
_2ddc _cEN _h158.1 _mGAN |
||
| 999 |
_c138567 _d138567 |
||